La risposta in un colore - Click Quiz - Statistics

Statistiche generali
  • Questo quiz è stato fatto 193 volte
  • Il punteggio medio è 18 su 24
Statistiche sulle risposte
Hint Risposta % Corretto
Nel____dipinto di ____
91%
Ha 3 lettere
89%
Sonic o i Puffi
89%
Lo è il pollice del bravo giardiniere
89%
Titty o Spongebob
89%
Mare tra Egitto e Arabia Saudita
88%
Nella bandiera del Giappone
88%
Il tappeto sul quale camminano le Star
86%
Il naso di Rudolph
85%
Giada o oliva
84%
I libri polizieschi
84%
Ceruleo o Cobalto
80%
Libro di Stephen King: Il Miglio ____
80%
Successo degli Eiffel 65
74%
Kermit o Yoda
74%
Il the Sencha o Matcha
73%
Il sottomarino dei Beatles
72%
Le montagne di Marcella Bella
68%
Cremisi, vermiglio...
66%
Amarillo in Spagnolo
64%
Mare tra la Cina e la Corea
63%
Partito Repubblicano Americano
53%
La strada di mattoni de " Il Mago di Oz"
28%
Il "velluto" di David Lynch
22%
Nessun quiz corrispondente trovato
Distribuzione punteggi
Percentuale di utenti per punteggio
Percentile per numero di risposta
I tuoi punteggi nel tempo
Non hai fatto questo quiz